| 000 | 00384 a2200169 4500 | ||
|---|---|---|---|
| 001 | 187921 | ||
| 020 | _a85-7666-783-5 | ||
| 040 | _cMagnum | ||
| 100 | _aTrambaiolli Netto, Egídio | ||
| 240 | 1 | 0 |
_aO universo da matemática _lpor |
| 245 | 1 | 0 | _aO universo da matemática |
| 300 | _a592 | ||
| 362 | 0 | _a2008 | |
| 440 | 1 | _aEscala Educacional | |
| 697 | _aMATEMÁTICA | ||
| 942 | _cBK | ||
| 999 |
_c187921 _d187921 |
||